00610nam a22001817a 4500952014500000999001700145003000400162005001700166008004100183020001800224040000900242082001800251100002500269245005800294260002100352300001300373942004200386 00102ddc40708ISLAMaMESbMEScISLd2021-04-12g85.00l2m1o297.63 ZAK/Mp41089r2024-02-05 12:00:15s2024-02-01w2021-04-13yBKzGL46R4 c41292d41292OSt20210413125510.0210413b ||||| |||| 00| 0 eng d a9788182718170 coclc a297.63bZAK/M 92137aZakaria, Rafiq aMuhammed nabi malayala kavithakalil/cRafeeq Zakariya aKozhikode:bIPH, a80 pages 2ddccBKh297.63iZAK/Mk297.63mZAK/M